01640cam a22003737a 4500003000500000005001700005008004100022010001000063011001000073035001000083040000900093090001000102100004300112245019300155260004100348300001000389502012200399590003700521590004100558590004100599590004100640590004200681650002800723650004100751650003900792901000700831905002400838942000900862949006200871949004900933999001700982952014000999952012701139CHAP20220329142551.0011129d2001 mx r 00110 spa d a85040 a86012 a96550 cCHAP aTesis00aBocanegra Viezca, Juan Antonio.91332510aFluctuaciónes de los niveles séricos de cortisol y glucosa como indicadores de estrés en seis genotipos caprinos durante cuatro épocas del añoc/por Juan Antonio Bocanegra Viezca aChapingo, Méx. :bEl autor,c2001. a46 h. aTesis ( Ing. Agr. en Sistémas Pecuarios de Zonas Áridas) -- UACH. Unidad Regional Universitaria de Zonas Áridas aALEPHb10c20130110lUCH01h1444 aBATCH-UPDb10c20130110lUCH01h0623 aBATCH-UPDb10c20130410lUCH01h0306 aBATCH-UPDb10c20130914lUCH01h0648 aCONVERSIONb10c20130109lUCH01h134714aGanado cabrío.94498814aGanado cabríoxCrecimiento.94500014aGanado cabríoxCría de.945001 aBK aMayto Villalobos S. cFOLL aTesisbBCcTESd33724000858924eTS2fc.2h38622i96550si aTesisbBCcTESd965501eTS1h38621i96550sb c85040d85040 00102local4053708TESISaBCbBCcPA_TESISd2019-12-31fTESISl0oTesisp33724000858924r2019-12-31 00:00:00tc.2w2019-12-31yTESIS 00102local4051708TESISaBCbBCcPA_TESISd2019-12-31fTESISl0oTesisp965501r2019-12-31 00:00:00w2019-12-31yTESIS